Cities by Climate Type Part 1 (Tile Select) - Statistics

General Stats
  • This quiz has been taken 33 times
  • The average score is 23 of 45
Answer Stats
Question Tile Select % Correct
cities with a tropical rain forest climate (Af). Manaus, Brazil Yes
92%
cities with a tropical rain forest climate (Af). Kuala Lumpur, Malaysia Yes
85%
cities with a desert climate (BW). Phoenix, United States Yes
81%
cities with a desert climate (BW). Baghdad, Iraq Yes
73%
cities with a Mediterranean or dry summer climate (Cs). Paris, France No
73%
cities with a Mediterranean or dry summer climate (Cs). Rome, Italy Yes
73%
cities with a tropical rain forest climate (Af). Santo Domingo, Dominican Republic No
73%
cities with a tropical rain forest climate (Af). Davao, Philippines Yes
69%
cities with a desert climate (BW). Khartoum, Sudan Yes
69%
cities with a Mediterranean or dry summer climate (Cs). Belgrade, Serbia No
65%
cities with a Mediterranean or dry summer climate (Cs). Cape Town, South Africa Yes
65%
cities with a tropical rain forest climate (Af). Caracas, Venezuela No
65%
cities with a tropical rain forest climate (Af). Ho Chi Minh City, Vietnam No
65%
cities with an oceanic climate (Cfb or Cfc). Bishkek, Kyrgyzstan No
62%
cities with a humid continental climate (Df). Kyiv, Ukraine Yes
58%
cities with a humid continental climate (Df). Reykjavik, Iceland No
58%
cities with an oceanic climate (Cfb or Cfc). Vancouver, Canada Yes
58%
cities with a tropical rain forest climate (Af). Yaounde, Cameroon No
58%
cities with a humid continental climate (Df). Edmonton, Canada Yes
54%
cities with a desert climate (BW). Jerusalem, Israel No
50%
cities with a Mediterranean or dry summer climate (Cs). Madrid, Spain Yes
50%
cities with a desert climate (BW). Monterrey, Mexico No
50%
cities with an oceanic climate (Cfb or Cfc). Paris, France Yes
50%
cities with a humid continental climate (Df). Bucharest, Romania Yes
46%
cities with an oceanic climate (Cfb or Cfc). Melbourne, Australia Yes
46%
cities with a humid continental climate (Df). Tashkent, Uzbekistan No
46%
cities with a humid continental climate (Df). Zurich, Switzerland No
46%
cities with a Mediterranean or dry summer climate (Cs). Sydney, Australia No
42%
cities with a desert climate (BW). Karachi, Pakistan Yes
38%
cities with an oceanic climate (Cfb or Cfc). Lisbon, Portugal No
38%
cities with a desert climate (BW). Mogadishu, Somalia No
38%
cities with a humid continental climate (Df). Oslo, Norway Yes
38%
cities with a Mediterranean or dry summer climate (Cs). Seattle, United States Yes
38%
cities with an oceanic climate (Cfb or Cfc). Tianjin, China No
38%
cities with a humid continental climate (Df). Almaty, Kazakhstan Yes
35%
cities with a Mediterranean or dry summer climate (Cs). Concepcion, Chile Yes
35%
cities with a tropical rain forest climate (Af). Kampala, Uganda Yes
31%
cities with a humid continental climate (Df). New York, United States No
31%
cities with an oceanic climate (Cfb or Cfc). Seattle, United States No
31%
cities with an oceanic climate (Cfb or Cfc). Berlin, Germany Yes
27%
cities with a tropical rain forest climate (Af). Jakarta, Indonesia No
27%
cities with a desert climate (BW). Lima, Peru Yes
27%
cities with an oceanic climate (Cfb or Cfc). Zagreb, Croatia Yes
27%
cities with a desert climate (BW). Amman, Jordan No
19%
cities with a Mediterranean or dry summer climate (Cs). Dushanbe, Tajikistan Yes
19%
No matching quizzes found
Score Distribution
Percent of People with Each Score
Percentile by Number Answered
Your Score History
You have not taken this quiz